| 000 | 01155nam a22002895a 4500 | ||
|---|---|---|---|
| 006 | a||||f ||z| 00| 0 | ||
| 008 | 110704t2007 nyu||||fr|||| 001 0 eng d | ||
| 020 | _a0072263253 | ||
| 020 | _a9780072263251 | ||
| 040 |
_aEG-ScBUE _beng _cEG-ScBUE |
||
| 082 | 0 | 4 |
_a005.7585 _bMCL _222 |
| 100 | 1 |
_aMcLaughlin, Michael. _926101 |
|
| 245 | 1 | 0 |
_aOracle database 10g express edition PHP web programming / _cMichael Mclaughlin. |
| 260 |
_aNew York : _bMcGraw-Hill, _cc.2007. |
||
| 300 |
_axvii, 701 p. : _bill. ; _c23 cm. + _e1 CD-ROM (4 3/4 in.) |
||
| 500 | _aIndex : p. 689-701. | ||
| 500 | _aCover : "Oracle Press - Exclusively from McGraw-Hill / Osborne". | ||
| 500 | _aCover : "Create Dynamic, Data-Driven Web Applications". | ||
| 500 | _aCover : "Includes full version of Oracle Database 10g Express Edition, all code examples from the book, and more on CD-ROM". | ||
| 590 | _ayassmeen ashraf | ||
| 650 |
_aInternet programming _926102 _2BUEsh |
||
| 650 |
_aPHP (Computer program language) _926103 _2BUEsh |
||
| 650 |
_aWebsites design _926104 _2BUEsh |
||
| 651 | _2BUEsh | ||
| 653 |
_bCOMSCI _cAugust2015 |
||
| 942 |
_cBB _k005.7585 MCL _2ddc |
||
| 999 |
_c5810 _d5810 |
||